Реализация стратегии вовлечения в диалог и удержания адресата в медицинском блоге; Динамика языковых и культурных процессов в современной России; № 7
| Parent link: | Динамика языковых и культурных процессов в современной России.— .— Санкт-Петербург: РОПРЯЛ № 7.— 2022.— С. 96-101 |
|---|---|
| मुख्य लेखक: | |
| सारांश: | Заглавие с экрана Выявляются способы реализации медиадискурсивной стратегии вовлечения в диалог и удержания адресата в медицинском блоге в социальной сети Instagram. Затрагивается вопрос о междисциплинарности медиалингвистического исследования. Установлено, что коммуникативные тактики и приемы реализации анализируемой стратегии в медицинском медиатексте соответствуют законам жанра коммуникации в социальных медиа, что подтверждает гипотезу о трансформации медицинского дискурса под влиянием медиадискурса The ways of implementing a media-discursive strategy of engaging in dialogue and retaining the recipient in a medical blog on the social network Instagram are revealed. Addresses the issue of interdisciplinarity metalinguistics research. It is established that the communicative tactics and techniques of implementing the analyzed strategy in the medical media text generally correspond to the laws of the genre of communication in social media, which confi ms the hypothesis of the transformation of medical discourse under the infl ence of media discourse Текстовый файл |
| भाषा: | रूसी |
| प्रकाशित: |
2022
|
| विषय: | |
| ऑनलाइन पहुंच: | https://elibrary.ru/item.asp?id=49971394 |
| स्वरूप: | इलेक्ट्रोनिक पुस्तक अध्याय |
| KOHA link: | https://koha.lib.tpu.ru/cgi-bin/koha/opac-detail.pl?biblionumber=680107 |
MARC
| LEADER | 00000naa0a2200000 4500 | ||
|---|---|---|---|
| 001 | 680107 | ||
| 005 | 20250904144451.0 | ||
| 090 | |a 680107 | ||
| 100 | |a 20250507d2022 k||y0rusy50 ca | ||
| 101 | 0 | |a rus | |
| 102 | |a RU | ||
| 135 | |a drcn ---uucaa | ||
| 181 | 0 | |a i |b e | |
| 182 | 0 | |a b | |
| 183 | 0 | |a cr |2 RDAcarrier | |
| 200 | 1 | |a Реализация стратегии вовлечения в диалог и удержания адресата в медицинском блоге |d Implementing a strategy for engaging in a dialogue and retaining the recipient in a medical blog |f Волкова Е. В. | |
| 300 | |a Заглавие с экрана | ||
| 320 | |a Список литературы: 4 назв | ||
| 330 | |a Выявляются способы реализации медиадискурсивной стратегии вовлечения в диалог и удержания адресата в медицинском блоге в социальной сети Instagram. Затрагивается вопрос о междисциплинарности медиалингвистического исследования. Установлено, что коммуникативные тактики и приемы реализации анализируемой стратегии в медицинском медиатексте соответствуют законам жанра коммуникации в социальных медиа, что подтверждает гипотезу о трансформации медицинского дискурса под влиянием медиадискурса | ||
| 330 | |a The ways of implementing a media-discursive strategy of engaging in dialogue and retaining the recipient in a medical blog on the social network Instagram are revealed. Addresses the issue of interdisciplinarity metalinguistics research. It is established that the communicative tactics and techniques of implementing the analyzed strategy in the medical media text generally correspond to the laws of the genre of communication in social media, which confi ms the hypothesis of the transformation of medical discourse under the infl ence of media discourse | ||
| 336 | |a Текстовый файл | ||
| 461 | 1 | |t Динамика языковых и культурных процессов в современной России |c Санкт-Петербург |n РОПРЯЛ | |
| 463 | 1 | |t № 7 |v С. 96-101 |d 2022 | |
| 610 | 1 | |a электронный ресурс | |
| 610 | 1 | |a труды учёных ТПУ | |
| 610 | 1 | |a медиалингвистика | |
| 610 | 1 | |a медиадискурс | |
| 610 | 1 | |a медиатекст | |
| 610 | 1 | |a медицинский дискурс | |
| 610 | 1 | |a коммуникативная стратегия | |
| 700 | 1 | |a Волкова |b Е. В. |c специалист в области организации высшего профессионального образования |c заведующая центром Томского политехнического университета |f 1982- |g Евгения Владимировна |9 21561 | |
| 801 | 0 | |a RU |b 63413507 |c 20250507 |g RCR | |
| 850 | |a 63413507 | ||
| 856 | 4 | |u https://elibrary.ru/item.asp?id=49971394 |z https://elibrary.ru/item.asp?id=49971394 | |
| 942 | |c CF | ||